Monograph on IPR laws and IP management (Record no. 397009)

MARC details
000 -LEADER
fixed length control field 00509 a2200193 4500
005 - DATE & TIME
control field 20260406124445.0
008 - FIXED-LENGTH DATA ELEMENTS--GENERAL INFORMATION
fixed length control field 260406b |||||||| |||| 00| 0 eng d
020 ## - ISBN
International Standard Book Number 9789359115528
Price Rs. 1199.00
040 ## - CATALOGING SOURCE
Original cataloging agency VIVEKANANDA LIBRARY
082 ## - DDC NUMBER
Classification number 346.048
Book Number A15M
100 ## - MAIN ENTRY--PERSONAL NAME
Personal name Agarwal, Dhanpat Ram
245 ## - TITLE STATEMENT
Title Monograph on IPR laws and IP management
260 ## - PUBLICATION, DISTRIBUTION, ETC. (IMPRINT)
Name of publisher, distributor, etc Walnut Publication
Date of publication, distribution, etc 2025
Place of publication, distribution, etc Noida
300 ## - PHYSICAL DESCRIPTION
Pages xviii, 254
650 ## - Subject
Subject Law
650 ## - Subject
Subject Intellectual Property Law
650 ## - Subject
Subject Trademarks
942 ## - ADDED ENTRY ELEMENTS (KOHA)
Koha item type Books
Holdings
Withdrawn status Lost status Source of classification or shelving scheme Damaged status Not for loan Location (home branch) Sublocation or collection (holding branch) Shelving location Date acquired Koha issues (times borrowed) Koha full call number Accession No. Koha date last seen Koha item type
    Dewey Decimal Classification     VIVEKANANDA LIBRARY VIVEKANANDA LIBRARY Vivekananda Library 02/03/2026   346.048 A15M 438636 02/03/2026 Books
    Dewey Decimal Classification     VIVEKANANDA LIBRARY VIVEKANANDA LIBRARY Vivekananda Library 02/03/2026   346.048 A15M 438635 02/03/2026 Books
    Dewey Decimal Classification     VIVEKANANDA LIBRARY VIVEKANANDA LIBRARY Vivekananda Library 02/03/2026   346.048 A15M 438639 02/03/2026 Books
    Dewey Decimal Classification     VIVEKANANDA LIBRARY VIVEKANANDA LIBRARY Vivekananda Library 02/03/2026   346.048 A15M 438638 02/03/2026 Books
    Dewey Decimal Classification     VIVEKANANDA LIBRARY VIVEKANANDA LIBRARY Vivekananda Library 02/03/2026   346.048 A15M 438637 02/03/2026 Books
© Designed and Maintained by Vivekananda Library, MDU Rohtak